Religion Quiz

Random Religion or Church Quiz

Country by Temple Quiz Stats

 Plays Quiz Updated Apr 11, 2020

Support Sporcle.
Go Orange.
Score 0/15 Timer 05:00
0 Plays Today
% Correct
Cambodia
88.8%
Greece
83%
China
81.5%
Egypt
80.2%
India
79.9%
Japan
77.4%
Thailand
68.7%
Bhutan
53.6%
% Correct
Myanmar
52%
Guatemala
49.8%
North Korea
48.1%
Indonesia
47.3%
Sri Lanka
41.5%
Lebanon
36.6%
Armenia
18.8%

You're not logged in!

Compare scores with friends on all Sporcle quizzes.
OR
Log In
Forgot?

From the Vault

Pro Football Hall of Famers: 20th Century

by Ben

Sports 20m
It is never to early to start campaigning for the Houston Texans and the Jacksonville Jaguars (currently not represented) to get a player into the hall.
Remove Ads.
Support Sporcle.
Get the best of Sporcle when you Go Orange. This ad-free experience offers more features, more stats, and more fun while also helping to support Sporcle. Thank you for becoming a member.

Show Comments

Extras

Top Quizzes Today


Score Distribution

Your Account Isn't Verified!

In order to create a playlist on Sporcle, you need to verify the email address you used during registration. Go to your Sporcle Settings to finish the process.

Report this User

Report this user for behavior that violates our Community Guidelines.

Details: